Statistics for BioShock Infinite Vigors

Click here to take the quiz!

General Stats

  • This quiz has been taken 33 times
  • The average score is 6 of 8

Answer Stats

HintAnswer% Correct
Who needs an electricianShock Jockey
93%
Balls of fireDevil's Kiss
85%
Cast the devil outBucking Bronco
78%
SwarmMurder of Crows
74%
WOOSHUndertow
63%
High melee damageCharge
59%
Make a team matePossesion
56%
ammo grabber/throwerReturn to Sender
48%

Score Distribution

Percentile by Number Answered

Percent of People with Each Score

Your Score History

You have not taken this quiz